Terror en las aulas : (Registro nro. 8374)

Detalles MARC
000 -LIDER
fixed length control field 00620nam a22002177a 4500
001 - NÚMERO DE CONTROL
Identificador de número de control 0074
003 - IDENTIFICACDOR DE NÚMERO DE CONTROL
control field DO-SdBNP
005 - DATE AND TIME OF LATEST TRANSACTION
control field 20180206105616.0
007 - CAMPOS FIJOS DE DESCRIPCIÓN FÍSICA
fixed length control field 0074
008 - ELEMENTOS DE LONGITUD FIJA
fixed length control field 151013b sp 1987 xxu||||| |||| 00| 0 spa d
020 ## - ISBN
International Standard Book Number 9788430519477
040 ## - FUENTE DE CATALOGACIÓN
Agencia que crea de manera original el registro BPMSU
Idioma de catalogación spa
Agencia que realiza la transcripción BPMSU
092 ## - LOCALLY ASSIGNED DEWEY DECIMAL CALL NUMBER
Número de clasificación xxxxxxxx
Número de ítem (Cutter) xxxxxxxx
100 10 - ASIENTO PRINCIPAL -- NOMBRE PERSONAL
Nombre personal Wolf, Stefan
245 ## - MENCIÓN DE TITULO
Título Terror en las aulas :
Subtítulo un caso para Patitas, Albóndigas, Karl, Tarzán y Oscar /
Mención de responsabilidad Stefan Wolf
260 ## - PUBLICACIÓN, DISTRIBUCIÓN, ETC. (PIE DE IMPRENTA)
Lugar de publicación, distribución, etc Madrid, España :
Nombre del editor, distribuidor, etc. Susaeta,
Fecha de publicación, distribución, etc 1987
300 ## - DESCRIPCIÓN FÍSICA
Extensión 172 p. :
Otros detalles físicos il.,
Dimensiones 20 cm.
942 ## - ADDED ENTRY ELEMENTS (KOHA)
Source of classification or shelving scheme Dewey Decimal Classification
Koha item type Libros
945 ## - INFORMACIÓN DE PROCESAMIENTO LOCAL
Información de procesamiento local inventariado, 2018 / dg
956 ## - LOCAL ELECTRONIC LOCATION AND ACCESS (OCLC)
Nombre de host Brenda Tavárez
Existencias
Withdrawn status Lost status Source of classification or shelving scheme Damaged status Not for loan Home library Current library Date acquired Source of acquisition Total Checkouts Barcode Date last seen Price effective from Koha item type
    Dewey Decimal Classification     Biblioteca Pública Metropolitana Salomé Ureña Biblioteca Pública Metropolitana Salomé Ureña 10/13/2015 Donación   BPMSU15100097 10/13/2015 10/13/2015 Libros